प्राचीन भारत का इतिहास / (Record no. 143682)
[ view plain ]
| 000 -LEADER | |
|---|---|
| fixed length control field | 01002nam a22002177a 4500 |
| 005 - DATE AND TIME OF LATEST TRANSACTION | |
| control field | 20250820160716.0 |
| 010 ## - LCCN (DPL NO) | |
| LC control number | HIN-130252 B-669094 |
| 020 ## - INTERNATIONAL STANDARD BOOK NUMBER | |
| International Standard Book Number | 9788121908795 |
| Terms of availability | 395.00 |
| 020 ## - INTERNATIONAL STANDARD BOOK NUMBER | |
| International Standard Book Number | 9788121908795 |
| Terms of availability | 595.00 |
| 035 ## - SYSTEM CONTROL NUMBER | |
| System control number | B-669094 |
| 035 ## - SYSTEM CONTROL NUMBER | |
| System control number | HN-102598 |
| 037 ## - SOURCE OF ACQUISITION | |
| Source of stock number/acquisition | RHSP |
| 082 ## - DEWEY DECIMAL CLASSIFICATION NUMBER | |
| Classification number | 954.01 |
| 100 ## - MAIN ENTRY--PERSONAL NAME | |
| Personal name | महाजन, वी.डी. |
| 245 ## - TITLE STATEMENT | |
| Title | प्राचीन भारत का इतिहास / |
| Statement of responsibility, etc | वी.डी.महाजन |
| 260 ## - PUBLICATION, DISTRIBUTION, ETC. (IMPRINT) | |
| Place of publication, distribution, etc | नई दिल्ली |
| Name of publisher, distributor, etc | एस.चंद एंड कंपनी |
| Date of publication, distribution, etc | 2016 |
| -- | 2023 |
| 270 ## - ADDRESS | |
| Address | 7361, रामनगर |
| City | नई दिल्ली |
| Postal code | 110055 |
| Telephone number | 23672080 |
| Fax number | 91-11-23677446 |
| 300 ## - PHYSICAL DESCRIPTION | |
| Extent | 576 पृ. |
| Dimensions | 25 से.मी.(अजिल्द) |
| 942 ## - ADDED ENTRY ELEMENTS (KOHA) | |
| Source of classification or shelving scheme | Dewey Decimal Classification |
| Item type | Hindi Books |
| Classification part | 954.01 |
| Call number suffix | महाज |
| Withdrawn status | Lost status | Not for loan | Collection code | Home library | Current library | Date acquired | Source of acquisition | Cost, normal purchase price | Full call number | Barcode | Copy number | Cost, replacement price | Koha item type |
|---|---|---|---|---|---|---|---|---|---|---|---|---|---|
| Non-fiction | Ashok Vihar | Ashok Vihar | 23/08/2017 | RSH/AV/BL/1801/2.3.17/543/16.2.17/21.3.17 | 395.00 | 954.01 महाज | B-669094 | 1 | 395.00 | Hindi Books | |||
| Non-fiction | Sarojini Nagar | Sarojini Nagar | 20/08/2025 | DBAD | 595.00 | 954.01 महाज | HN-102598 | 1 | 595.00 | Hindi Books |
